00856 2200217 4500001002100000005001500021035002000036008004100056082001500097090002100112100002300133245008700156260003700243300002100280500026500301650001200566650001400578650001300592084002100605990001200626INLIS00000000000113820240817100401 a0010-0521001138240817 g 0 dut  a910.4(910) a910.4(910) BEM u0 aBEMMELEN, J.F. van1 aUit Indie : reisindrukken en herinneringen uit onzen archipel /cJ.F. van Bemmelen aBatavia :bG. Kolff & Co.,c1895 a238 p. ;c18 cm. aLaporan perjalanan J. F van Bemmelen dari Jawa Timur dan Maluku sekitar tahun 1893. Berisi pengalaman dan berbagai hal yang dilihatnya sepanjang Jawa Timur dan Kepulauan Maluku. Tulisannya ini meliputi keadaan alam, penduduk, adat istiadat dan lain sebagainya. 4aJOURNEY 4aEAST JAVA 4aMOLUCCAS a910.4(910) BEM u a107 F 4